[Event "Tatry op"]
[Site "Tatranske Zruby"]
[Date "2019.09.28"]
[Round "1"]
[White "Drabek, Miloslav"]
[Black "Matras, Ondrej"]
[Result "0-1"]
[WhiteElo "1955"]
[BlackElo "2176"]
[PlyCount "162"]
[EventDate "2019.09.28"]
[EventType "swiss"]
[EventRounds "9"]
[EventCountry "SVK"]
[SourceTitle "EXT 2020"]
[Source "ChessBase"]
[SourceDate "2019.10.17"]
[SourceVersion "1"]
[SourceVersionDate "2019.10.17"]
[SourceQuality "1"]

1. d4 Nf6 2. Nf3 g6 3. c4 Bg7 4. Nc3 0-0 5. g3 c6 6. Bg2 d6 7. 0-0 Qa5 8. h3 Be6 9. d5 cxd5 10. Ng5 Bd7 11. cxd5 Na6 12. e4 Nc5 13. Re1 Rfc8 14. e5 dxe5 15. Rxe5 h6 16. Nf3 Bf8 17. Nd4 Na4 18. Nxa4 Bxa4 19. b3 Bd7 20. Qd2 Qxd2 21. Bxd2 Ne8 22. Ree1 Bg7 23. Be3 Nd6 24. Rac1 Kf8 25. g4 Ke8 26. Red1 Kd8 27. Bf3 Rxc1 28. Rxc1 Rc8 29. Rxc8+ Kxc8 30. Kf1 Kc7 31. Ke1 a6 32. Kd2 g5 33. Ne2 Bb5 34. a4 Bxe2 35. Kxe2 b6 36. Kd3 a5 37. Bg2 Be5 38. Bd2 Nb7 39. b4 axb4 40. Bxb4 Bd6 41. Kc4 Bxb4 42. Kxb4 Nd6 43. f3 Kd7 44. Bf1 Ke8 45. Bd3 Kf8 46. Kc3 Kg7 47. Kd4 Kf6 48. Bb1 Nb7 49. Bd3 Nc5 50. Bc2 Nb7 51. Bd3 Nd6 52. Ba6 Kg7 53. Bd3 Kf8 54. Kc3 Ke8 55. Kb4 Kd7 56. Bc2 Kc7 57. Bd3 Kb7 58. Bc2 Ne8 59. Be4 Kc7 60. Kc3 Kd6 61. Kc4 Nc7 62. Kd4 f6 63. f4 gxf4 64. Bf3 Na6 65. Kc4 Nc5 66. Kb5 Nd7 67. Bg2 Kc7 68. Kc4 Ne5+ 69. Kd4 Kd6 70. Ke4 f3 71. Bf1 Kc5 72. Bb5 f2 73. Ke3 Kxd5 74. Kxf2 Ke4 75. Kg3 Nd3 76. Bc6+ Ke3 77. Bf3 e5 78. Bc6 Nf4 79. h4 Ne2+ 80. Kg2 Nd4 81. Bd5 Kf4 0-1

[Event "Liptovsky Mikulas Relax op"]
[Site "Liptovsky Mikulas"]
[Date "2016.11.15"]
[Round "4"]
[White "Molnar, Erno"]
[Black "Drabek, Miloslav"]
[Result "1/2-1/2"]
[WhiteElo "2148"]
[BlackElo "2080"]
[PlyCount "75"]
[EventDate "2016.11.13"]
[EventType "swiss"]
[EventRounds "7"]
[EventCountry "SVK"]
[SourceTitle "CBM 175 Extra"]
[Source "ChessBase"]
[SourceDate "2016.12.12"]
[SourceVersion "1"]
[SourceVersionDate "2016.12.12"]
[SourceQuality "1"]

1. e4 d6 2. d4 Nf6 3. Nc3 g6 4. f4 Bg7 5. Nf3 0-0 6. Bd3 Nc6 7. e5 dxe5 8. fxe5 Nh5 9. Be3 Bg4 10. Be2 f6 11. exf6 exf6 12. 0-0 Re8 13. Qd2 Bxf3 14. Bxf3 f5 15. Rad1 Nf6 16. Rfe1 Qd7 17. Qd3 a6 18. Na4 Qf7 19. c4 Ne4 20. Nc3 Nb4 21. Qe2 Rad8 22. Nxe4 fxe4 23. Bg4 Nd3 24. d5 Nxe1 25. Be6 Rxe6 26. dxe6 Qe7 27. Rxd8+ Qxd8 28. Qxe1 Qd6 29. b3 Qxe6 30. Qd2 Qd6 31. Qc2 Qe5 32. Qd2 Qd6 33. Qc2 Qd3 34. Qxd3 exd3 35. Kf2 Bc3 36. Bf4 Bd4+ 37. Ke1 Bc3+ 38. Kf2 1/2-1/2

[Event "Liptovsky Mikulas Relax op"]
[Site "Liptovsky Mikulas"]
[Date "2016.11.14"]
[Round "2"]
[White "Bak, Jan"]
[Black "Drabek, Miloslav"]
[Result "0-1"]
[WhiteElo "1414"]
[BlackElo "2080"]
[PlyCount "70"]
[EventDate "2016.11.13"]
[EventType "swiss"]
[EventRounds "7"]
[EventCountry "SVK"]
[SourceTitle "CBM 175 Extra"]
[Source "ChessBase"]
[SourceDate "2016.12.12"]
[SourceVersion "1"]
[SourceVersionDate "2016.12.12"]
[SourceQuality "1"]

1. Nf3 Nf6 2. g3 d6 3. d4 Nbd7 4. Bg2 c6 5. 0-0 e5 6. dxe5 dxe5 7. e4 Be7 8. Re1 0-0 9. b3 Qc7 10. Nbd2 Re8 11. Bb2 Bc5 12. Nc4 Ng4 13. Re2 b5 14. Ncd2 Bb7 15. h3 Ngf6 16. c4 Rad8 17. Qc2 Qb6 18. Ne1 Nh5 19. Nf1 Nf8 20. cxb5 cxb5 21. Nd3 Bd4 22. Rd1 Nf6 23. Bc1 Ne6 24. b4 Rc8 25. Qb1 Red8 26. Be3 Nxe4 27. Bxe4 Bxe4 28. Bxd4 Rxd4 29. Qb3 Bd5 30. Qb1 Bf3 31. Nxe5 Bxe2 32. Re1 Bxf1 33. Kxf1 g6 34. Ng4 Qc6 35. Kg1 Qc2 0-1

[Event "SVK-ch Seniors-B"]
[Site "Tatranske Matliare"]
[Date "2016.06.09"]
[Round "6"]
[White "Rezak, Milan"]
[Black "Drabek, Miloslav"]
[Result "0-1"]
[WhiteElo "1929"]
[BlackElo "2078"]
[PlyCount "56"]
[EventDate "2016.06.05"]
[EventType "swiss"]
[EventRounds "9"]
[EventCountry "SVK"]
[SourceTitle "EXT 2023"]
[Source "ChessBase"]
[SourceDate "2022.10.05"]
[SourceVersion "1"]
[SourceVersionDate "2022.10.05"]
[SourceQuality "1"]

1. e4 d6 2. d4 Nf6 3. Nc3 g6 4. Nf3 Bg7 5. Be2 0-0 6. 0-0 Bg4 7. h3 Bxf3 8. Bxf3 Nc6 9. Be3 e5 10. d5 Nd4 11. Bxd4 exd4 12. Qxd4 Nd7 13. Qe3 a6 14. Rab1 Qh4 15. Ne2 Rae8 16. Qf4 Qe7 17. Ng3 h5 18. Rfe1 Be5 19. Qe3 Qh4 20. Nf1 Bg7 21. c3 f5 22. Nd2 Ne5 23. exf5 Rxf5 24. Be4 Nf7 25. Qg3 Qxg3 26. fxg3 Rfe5 27. Kf2 Bh6 28. Bxg6 Bxd2 0-1

[Event "SVK-ch Seniors-B"]
[Site "Tatranske Matliare"]
[Date "2016.06.07"]
[Round "4"]
[White "Briza, Jiri"]
[Black "Drabek, Miloslav"]
[Result "1/2-1/2"]
[WhiteElo "1866"]
[BlackElo "2078"]
[PlyCount "60"]
[EventDate "2016.06.05"]
[EventType "swiss"]
[EventRounds "9"]
[EventCountry "SVK"]
[SourceTitle "EXT 2023"]
[Source "ChessBase"]
[SourceDate "2022.10.05"]
[SourceVersion "1"]
[SourceVersionDate "2022.10.05"]
[SourceQuality "1"]

1. d4 Nf6 2. Nf3 d6 3. e3 Nbd7 4. c4 g6 5. Be2 Bg7 6. Nc3 0-0 7. 0-0 c6 8. Qc2 e5 9. dxe5 Nxe5 10. Nxe5 dxe5 11. e4 Qe7 12. Bg5 h6 13. Be3 Ng4 14. Bxg4 Bxg4 15. f3 Be6 16. b3 Rfd8 17. Rad1 b6 18. Rxd8+ Rxd8 19. Rd1 Bf8 20. Rxd8 Qxd8 21. Qd2 Qxd2 22. Bxd2 Bc5+ 23. Kf1 Kg7 24. Ke2 h5 25. Kd3 f6 26. Ne2 Kf7 27. b4 Bf2 28. a3 Ke7 29. Nc3 Bd4 30. b5 Bxc3 1/2-1/2

[Event "SVK-ch Seniors"]
[Site "Tatranske Matliare"]
[Date "2015.06.01"]
[Round "4"]
[White "Ruckschloss, Karol"]
[Black "Drabek, Miloslav"]
[Result "1-0"]
[WhiteElo "2226"]
[BlackElo "2061"]
[PlyCount "59"]
[EventDate "2015.05.30"]
[EventType "swiss"]
[EventRounds "9"]
[EventCountry "SVK"]
[SourceTitle "EXT 2017"]
[Source "ChessBase"]
[SourceDate "2016.10.25"]
[SourceVersion "1"]
[SourceVersionDate "2016.10.25"]
[SourceQuality "1"]

1. c4 Nf6 2. d4 d6 3. Nc3 e5 4. d5 Be7 5. e4 0-0 6. Bd3 c6 7. Nge2 Nbd7 8. h3 a6 9. a4 Ne8 10. dxc6 bxc6 11. b4 Nef6 12. Rb1 Rb8 13. 0-0 d5 14. cxd5 cxd5 15. b5 d4 16. bxa6 Rxb1 17. Nxb1 Qb6 18. Ba3 Bxa3 19. Nxa3 Bxa6 20. Nb5 Nc5 21. f4 Nfxe4 22. fxe5 Nc3 23. Nexc3 dxc3 24. Kh1 Qa5 25. Bc4 Bxb5 26. axb5 Qc7 27. Qe2 Ne6 28. Rc1 Rc8 29. Rxc3 Nd4 30. Bxf7+ 1-0

[Event "Piestany op"]
[Site "Piestany"]
[Date "2014.11.18"]
[Round "5"]
[White "Drabek, Miloslav"]
[Black "Petran, Peter"]
[Result "0-1"]
[WhiteElo "2051"]
[BlackElo "2342"]
[PlyCount "78"]
[EventDate "2014.11.15"]
[EventType "swiss"]
[EventRounds "8"]
[EventCountry "SVK"]
[SourceTitle "EXT 2023"]
[Source "ChessBase"]
[SourceDate "2022.10.05"]
[SourceVersion "1"]
[SourceVersionDate "2022.10.05"]
[SourceQuality "1"]

1. d4 g6 2. Nf3 Bg7 3. c4 c5 4. d5 f5 5. g3 d6 6. Bg2 Nf6 7. Nc3 0-0 8. 0-0 Na6 9. a3 Bd7 10. Qc2 Rb8 11. Rb1 Qe8 12. b4 b5 13. cxb5 Bxb5 14. Qa2 Bd7 15. Bd2 Kh8 16. Rfc1 h6 17. bxc5 Nxc5 18. Be3 Rc8 19. Bd4 Kh7 20. Nd1 a5 21. Bxc5 dxc5 22. Ne5 Ng4 23. Nc6 f4 24. gxf4 Rxf4 25. e3 Rf5 26. Rxc5 Ne5 27. Qc2 Nf3+ 28. Bxf3 Rxf3 29. Qe4 Rf7 30. Rbc1 Bf5 31. Qc4 Qd7 32. Nd4 Rxc5 33. Qxc5 Be4 34. Ne6 Bxd5 35. Nf4 Bf3 36. Qc2 Qg4+ 37. Kf1 e5 38. Ne2 Qg2+ 39. Ke1 Qh1+ 0-1

[Event "Piestany op"]
[Site "Piestany"]
[Date "2014.11.16"]
[Round "3"]
[White "Drabek, Miloslav"]
[Black "Ruckschloss, Karol"]
[Result "1/2-1/2"]
[WhiteElo "2051"]
[BlackElo "2219"]
[PlyCount "33"]
[EventDate "2014.11.15"]
[EventType "swiss"]
[EventRounds "8"]
[EventCountry "SVK"]
[SourceTitle "EXT 2023"]
[Source "ChessBase"]
[SourceDate "2022.10.05"]
[SourceVersion "1"]
[SourceVersionDate "2022.10.05"]
[SourceQuality "1"]

1. d4 f5 2. Nf3 Nf6 3. c4 g6 4. Nc3 Bg7 5. e3 0-0 6. Be2 a5 7. 0-0 d6 8. b3 c6 9. Ba3 Qc7 10. Rc1 Na6 11. c5 dxc5 12. Bc4+ e6 13. Bxa6 Rxa6 14. Na4 Ne4 15. Nd2 Nxd2 16. Qxd2 Rd8 17. Nxc5 1/2-1/2

[Event "CZE-chT2A 1314"]
[Site "Czech Republic"]
[Date "2013.12.15"]
[Round "4.7"]
[White "Drabek, Miloslav"]
[Black "Soucha, Stepan"]
[Result "1-0"]
[WhiteElo "2010"]
[BlackElo "1871"]
[PlyCount "137"]
[EventDate "2013.11.03"]
[EventType "team-tourn"]
[EventRounds "11"]
[EventCountry "CZE"]
[SourceTitle "EXT 2015"]
[Source "ChessBase"]
[SourceDate "2014.11.20"]
[SourceVersion "1"]
[SourceVersionDate "2014.11.20"]
[SourceQuality "1"]
[WhiteTeam "Pisek"]
[BlackTeam "Strakonice"]
[WhiteTeamCountry "CZE"]
[BlackTeamCountry "CZE"]

1. d4 d5 2. Nf3 Nf6 3. c4 e6 4. g3 Be7 5. Bg2 0-0 6. 0-0 Nbd7 7. Nbd2 c6 8. Qc2 b6 9. e4 Bb7 10. e5 Ne8 11. cxd5 cxd5 12. Nb1 Rc8 13. Qd3 Nb8 14. Re1 Nc6 15. Nc3 Nc7 16. Be3 Ba6 17. Qd1 Qd7 18. Bf1 Bxf1 19. Rxf1 Na5 20. Nd2 Nc4 21. Nxc4 dxc4 22. Qg4 f5 23. exf6 Rxf6 24. Rad1 Rg6 25. Qh5 Nd5 26. Qe2 Nxc3 27. bxc3 Qc6 28. Bf4 b5 29. d5 Qd7 30. Rfe1 e5 31. Bxe5 b4 32. d6 Bxd6 33. Qe4 Qc6 34. Bxd6 Rxd6 35. Rxd6 Qxd6 36. cxb4 c3 37. Rc1 c2 38. Kg2 Qc6 39. Qxc6 Rxc6 40. Kf3 Rc4 41. Ke3 Rxb4 42. Rxc2 Ra4 43. Kd3 Kf7 44. Kc3 Kf6 45. Kb3 Ra6 46. Rc5 g5 47. h3 h5 48. a4 Rb6+ 49. Kc2 Rb4 50. Ra5 Rb7 51. Kd3 Rc7 52. Ke4 Rd7 53. Ra6+ Kg7 54. h4 gxh4 55. gxh4 Rc7 56. Rd6 Rc4+ 57. Rd4 Rc7 58. f4 Kf6 59. Rd6+ Ke7 60. Ra6 Kf7 61. Kd5 Kg7 62. f5 Rf7 63. Ke5 Re7+ 64. Kf4 Rf7 65. Kg5 Kh7 66. Rh6+ Kg7 67. f6+ Kg8 68. Kg6 a5 69. Rh8+ 1-0

[Event "Piestany op"]
[Site "Piestany"]
[Date "2013.11.22"]
[Round "6"]
[White "Miciak, Emanuel"]
[Black "Drabek, Miloslav"]
[Result "1/2-1/2"]
[WhiteElo "1896"]
[BlackElo "2010"]
[PlyCount "33"]
[EventDate "2013.11.18"]
[EventType "swiss"]
[EventRounds "7"]
[EventCountry "SVK"]
[SourceTitle "CBM 157 Extra"]
[Source "ChessBase"]
[SourceDate "2013.12.19"]
[SourceVersion "1"]
[SourceVersionDate "2013.12.19"]
[SourceQuality "1"]

1. d4 Nf6 2. c4 d6 3. Nf3 Nbd7 4. Nc3 e5 5. e4 Be7 6. Bd3 0-0 7. 0-0 c6 8. b3 exd4 9. Nxd4 Nc5 10. Bc2 a5 11. h3 Qc7 12. Be3 Re8 13. Qf3 Nfd7 14. Rad1 Bf6 15. Qg3 Ne5 16. Nde2 b6 17. Bg5 1/2-1/2

[Event "Piestany op"]
[Site "Piestany"]
[Date "2013.11.19"]
[Round "2"]
[White "Benkovsky, Peter"]
[Black "Drabek, Miloslav"]
[Result "0-1"]
[WhiteElo "1683"]
[BlackElo "2010"]
[PlyCount "74"]
[EventDate "2013.11.18"]
[EventType "swiss"]
[EventRounds "7"]
[EventCountry "SVK"]
[SourceTitle "CBM 157 Extra"]
[Source "ChessBase"]
[SourceDate "2013.12.19"]
[SourceVersion "1"]
[SourceVersionDate "2013.12.19"]
[SourceQuality "1"]

1. d4 d6 2. c4 Nf6 3. Nc3 Nbd7 4. Nf3 e5 5. e3 Be7 6. Bd3 0-0 7. 0-0 c6 8. Qc2 a6 9. a4 b6 10. Rd1 Qc7 11. d5 Bb7 12. e4 Nc5 13. b4 Nxd3 14. Qxd3 cxd5 15. cxd5 Rfc8 16. Bb2 Qc4 17. b5 axb5 18. axb5 Rxa1 19. Bxa1 Qxd3 20. Rxd3 Ra8 21. Bb2 Nd7 22. Rd1 g6 23. Nd2 f5 24. f3 Kf8 25. Ra1 Rxa1+ 26. Bxa1 fxe4 27. fxe4 Bd8 28. Nc4 Bc7 29. Bb2 Nc5 30. h3 Bc8 31. Kf1 Ke7 32. Ke2 Bd7 33. Bc1 Nb3 34. Be3 Nd4+ 35. Kd3 Nxb5 36. Nxb6 Nxc3 37. Nxd7 Na4 0-1

[Event "Piestany op"]
[Site "Piestany"]
[Date "2012.11.18"]
[Round "8"]
[White "Durik, Juraj"]
[Black "Drabek, Miloslav"]
[Result "1-0"]
[WhiteElo "1794"]
[BlackElo "2035"]
[PlyCount "61"]
[EventDate "2012.11.12"]
[EventType "swiss"]
[EventRounds "8"]
[EventCountry "SVK"]
[SourceTitle "EXT 2023"]
[Source "ChessBase"]
[SourceDate "2022.10.05"]
[SourceVersion "1"]
[SourceVersionDate "2022.10.05"]
[SourceQuality "1"]

1. e4 d6 2. d4 Nf6 3. Nc3 g6 4. Bg5 Bg7 5. Qd2 c6 6. 0-0-0 0-0 7. f3 Qc7 8. Bh6 b5 9. g4 Nbd7 10. h4 b4 11. Nce2 Qa5 12. Kb1 Nb6 13. Nc1 Be6 14. Nb3 Bxb3 15. cxb3 Nbd7 16. Ne2 c5 17. h5 cxd4 18. Nxd4 Qe5 19. Nc6 Nxe4 20. Nxe5 Nxd2+ 21. Bxd2 Nxe5 22. Bxb4 Rab8 23. Be1 Nxf3 24. Bf2 a5 25. Bg2 Ne5 26. g5 Nd7 27. hxg6 hxg6 28. Bd4 Bxd4 29. Rxd4 Rb6 30. Rdh4 f6 31. Bd5+ 1-0

[Event "Piestany op"]
[Site "Piestany"]
[Date "2012.11.16"]
[Round "6"]
[White "Spacek, Oliver"]
[Black "Drabek, Miloslav"]
[Result "1-0"]
[WhiteElo "1977"]
[BlackElo "2035"]
[PlyCount "69"]
[EventDate "2012.11.12"]
[EventType "swiss"]
[EventRounds "8"]
[EventCountry "SVK"]
[SourceTitle "EXT 2023"]
[Source "ChessBase"]
[SourceDate "2022.10.05"]
[SourceVersion "1"]
[SourceVersionDate "2022.10.05"]
[SourceQuality "1"]

1. d4 Nf6 2. c4 d6 3. Nf3 Nbd7 4. Nc3 e5 5. g3 Be7 6. Bg2 c6 7. 0-0 Qc7 8. e4 Nf8 9. h3 Ng6 10. Be3 Bd7 11. Qe2 Qc8 12. Kh2 Qc7 13. d5 0-0 14. Nd2 Rac8 15. a3 Qb8 16. Rfc1 Rfd8 17. b4 cxd5 18. cxd5 Ne8 19. a4 f5 20. exf5 Bxf5 21. Nc4 Nf6 22. a5 Bd7 23. f3 Rc7 24. b5 Rcc8 25. Bf1 Rf8 26. Qf2 a6 27. bxa6 bxa6 28. Rab1 Bb5 29. Nb6 Rxc3 30. Rxc3 Ne4 31. fxe4 Rxf2+ 32. Bxf2 Qf8 33. Kg2 h6 34. Bxb5 axb5 35. a6 1-0

[Event "Rychnov Seniors op"]
[Site "Rychnov nad Kneznou"]
[Date "2012.08.27"]
[Round "8"]
[White "Klimes, Jiri"]
[Black "Drabek, Miloslav"]
[Result "0-1"]
[WhiteElo "1958"]
[BlackElo "2023"]
[PlyCount "54"]
[EventDate "2012.08.20"]
[EventType "swiss"]
[EventRounds "9"]
[EventCountry "CZE"]
[SourceTitle "CBM 150 Extra"]
[Source "ChessBase"]
[SourceDate "2012.10.19"]
[SourceVersion "1"]
[SourceVersionDate "2012.10.19"]
[SourceQuality "1"]

1. e4 d6 2. d4 Nf6 3. Nc3 g6 4. Bc4 Bg7 5. Bg5 0-0 6. e5 dxe5 7. dxe5 Ng4 8. Qxd8 Rxd8 9. e6 Bxe6 10. Bxe6 fxe6 11. Bxe7 Rd7 12. Bg5 Nc6 13. Nge2 Nb4 14. Rc1 h6 15. Be3 Nxe3 16. fxe3 Nd5 17. e4 Ne3 18. Nf4 g5 19. Nxe6 Nxg2+ 20. Kf2 Rd2+ 21. Kf3 Re8 22. Nxg7 Kxg7 23. Nd5 Rf8+ 24. Kg3 Rdf2 25. Kg4 c6 26. Ne7 R8f4+ 27. Kg3 R4f3+ 0-1

[Event "SVK-ch Seniors"]
[Site "Tatranske Matliare"]
[Date "2012.06.09"]
[Round "9"]
[White "Sturc, Jan"]
[Black "Drabek, Miloslav"]
[Result "1/2-1/2"]
[WhiteElo "2008"]
[BlackElo "2003"]
[PlyCount "22"]
[EventDate "2012.06.02"]
[EventType "swiss"]
[EventRounds "9"]
[EventCountry "SVK"]
[SourceTitle "EXT 2014"]
[Source "ChessBase"]
[SourceDate "2013.11.20"]
[SourceVersion "1"]
[SourceVersionDate "2013.11.20"]
[SourceQuality "1"]

1. e4 d6 2. d4 Nf6 3. Nc3 g6 4. Be3 c6 5. Qd2 b5 6. a3 Nbd7 7. h3 Bb7 8. Nf3 Nb6 9. b3 Bg7 10. Bd3 0-0 11. 0-0 Qc7 1/2-1/2